Normal view
MARC view
- Stultz, Russell Allen
Entry Personal Name
001 - CONTROL NUMBER
- control field: 36834
003 - CONTROL NUMBER IDENTIFIER
- control field: NUST
005 - DATE AND TIME OF LATEST TRANSACTION
- control field: 20210314130117.0
008 - FIXED-LENGTH DATA ELEMENTS
- fixed length control field: 210314|| aca||aabn | a|a d
040 ## - CATALOGING SOURCE
- Original cataloging agency: NUST
- Transcribing agency: NUST
100 ## - HEADING--PERSONAL NAME
- Personal name: Stultz, Russell Allen
670 ## - SOURCE DATA FOUND
- Source citation: Work cat.: (NUST): Stultz, Russell Allen., Illustrated MS-DOS 5.0 and all previous MS/PC-DOS versions /, c1991.
